000 00753 a2200229 4500
003 CBULib
005 20240628110019.0
008 240628b |||||||| |||| 00| 0 eng d
040 _aCBULib
_bEnglish
_cCBULib
_erda
041 _aeng
050 _aCBU-PG THESIS/MBU
100 _aMbulo, Jessy
245 _aExamining factors influencing continuance usage of mobile banking in Kitwe, Zambia
_c/ by Jessy Mbulo
260 _bCopperbelt University,
_c2023.
_aKitwe :
300 _aix, 102 pages [various pages] : illustrations
336 _2rdacontent
_aText |
_btxt
337 _2rdamedia
_aUnmediated |
_bn
338 _2rdacarrier
_aVolume
_bnc
650 0 _93011
_aBANKS AND BANKING, MOBILE
650 0 _93040
_aBANKS AND BANKING
942 _2mc
_c030
999 _c85082
_d85082